| 000 | 01083cam a2200385 4500 | ||
|---|---|---|---|
| 001 | ABS63961 | ||
| 008 | 000000n2001 000 0 eng u | ||
| 035 | _a(Sirsi) u112746 | ||
| 245 | _aFocus 2001: Thames Valley | ||
| 260 | _c2001 | ||
| 490 |
_aEstates Gazette _v(0118) 5 May 2001, 79-137(18) |
||
| 590 | _aABS | ||
| 650 | _aPROPERTY-COMMERCIAL PROPERTY-RETAIL PROPERTY-RETAIL PROPERTY MARKET | ||
| 650 | _aSWINDON | ||
| 650 | _aHEATHROW | ||
| 650 | _aBRACKNELL | ||
| 650 | _aSLOUGH | ||
| 650 | _aMAIDENHEAD | ||
| 650 | _aREADING | ||
| 650 | _aSILICON VALLEY | ||
| 650 | _aUNITED STATES | ||
| 650 | _aIT SECTOR | ||
| 650 | _aTECHNOLOGY COMPANIES | ||
| 650 | _aM4 CORRIDOR | ||
| 650 | _aWINDSOR | ||
| 650 | _aTHAMES VALLEY | ||
| 650 | _aRESIDENTIAL MARKET | ||
| 650 | _aINDUSTRIAL MARKET | ||
| 650 | _aOFFICE DEVELOPMENT | ||
| 650 | _aRESTAURANTS | ||
| 650 | _aPROPERTY-COMMERCIAL PROPERTY-OFFICE PROPERTY-OFFICE PROPERTY MARKET | ||
| 650 | _aLEISURE MARKET | ||
| 690 | _aPROPERTY-COMMERCIAL PROPERTY-COMMERCIAL PROPERTY MARKET | ||
| 942 | _n0 | ||
| 999 |
_c67131 _d67131 |
||